| 000 | 00492nam a22001577a 4500 | ||
|---|---|---|---|
| 003 | OSt | ||
| 008 | 250903b |||||||| |||| 00| 0 eng d | ||
| 041 | _amal | ||
| 082 |
_a494.81203 _bSIV |
||
| 100 |
_aSivadas, P. K _97822 |
||
| 245 |
_aMalayalam-Malayalam-English nighandu / _bമലയാളം-മലയാളം-ഇംഗ്ലീഷ് നിഘണ്ടു |
||
| 260 |
_aThiruvananthapuram : _bChintha Publishers, _c2018. |
||
| 300 | _a768 p. | ||
| 650 |
_aDictionary _94399 |
||
| 942 | _cBK | ||
| 999 |
_c19506 _d19506 |
||